Is the exchange rate a shock absorber? <the> case of Sweden
Salvato in:
| Autore principale: | |
|---|---|
| Natura: | Libro |
| Lingua: | inglese |
| Pubblicazione: |
Washington
International Monetary Fund
1997
|
| Serie: | IMF Working Paper
WP/97/176 |
| Soggetti: | |
| Tags: |
Nessun Tag, puoi essere il primo ad aggiungerne!!
|
MARC
| LEADER | 00000nam a2200000 4500 | ||
|---|---|---|---|
| 001 | c100663 | ||
| 005 | 20221124074724.5 | ||
| 041 | 0 | |a eng | |
| 044 | |a US | ||
| 245 | 1 | 0 | |a Is the exchange rate a shock absorber? |b <the> case of Sweden |c Alun Thomas |
| 264 | 1 | |a Washington |b International Monetary Fund |c 1997 | |
| 300 | |a 22 s. | ||
| 490 | 1 | |a IMF Working Paper |v WP/97/176 | |
| 830 | 0 | |a IMF Working Paper |v WP/97/176 | |
| 610 | 2 | 0 | |a kurz menový reálny |
| 610 | 2 | 0 | |a kolísanie kurzu |
| 610 | 2 | 0 | |a mena |
| 610 | 2 | 0 | |a únie menové |
| 610 | 2 | 0 | |a Švédsko |
| 100 | 1 | |a Thomas, Alun | |